00181nam a22000857a 4500082001400000100001700014245002600031260002900057300000900086 a910 WIL'L aWILSON, EARL aLOOK WHO'S ABROAD NOW aNEWYORKbBOUBLEDAYc1953 a254P